| 000 | 01140ngm a22003130a 4500 | ||
|---|---|---|---|
| 001 | PT16992 | ||
| 003 | AR-LpoUNG | ||
| 005 | 20210202000248.0 | ||
| 007 | vd cvaizq | ||
| 008 | 191001s1997||||ag |||||||||||||||||spa d | ||
| 037 | _c$8.33 | ||
| 040 |
_aAR-LpoUNG _bspa _cAR-LpoUNG _eaacr |
||
| 044 | _aag | ||
| 082 | 0 | _a154.6 512sue | |
| 245 | 1 | 0 |
_aSueños : _bteatro de la mente |
| 260 |
_aBuenos Aires : _bVideo Saber Conocimiento Audiovisual, _c1997. |
||
| 300 | _aVHS (30 min.) : son., byn, col. | ||
| 520 | _aSe entra en el desconocido mundo de los sueños, ese verdadero teatro de la mente donde se representan comedias y tragedias producto del trabajo del inconsciente, que mediante el proceso del sueño permite encontrar una salida a muchos problemas sin solución en el mundo real cotidiano. | ||
| 650 | 4 | _aASPECTOS PSICOLOGICOS | |
| 650 | 4 | _aPSICOLOGIA | |
| 650 | 4 | _aPSICOLOGOS | |
| 653 | _aVIDEOS | ||
| 653 | _aVIDEOS DIDACTICOS | ||
| 710 | 2 | _aAmerican Psychological Association | |
| 710 | 2 | _aEducational Foundation Boston | |
| 710 | 2 | _aUniversity Stanford (Estados Unidos) | |
| 905 | _a16992 | ||
| 942 | _cVIDEO | ||
| 999 |
_c54476 _d54476 |
||